GPU pro5: advanced rendering techniques (Record no. 44874)

MARC details
000 -LEADER
fixed length control field 00688nam a2200181 a 4500
008 - FIXED-LENGTH DATA ELEMENTS--GENERAL INFORMATION
fixed length control field 160425s2014 ||||||||||||||||| || u
020 ## - INTERNATIONAL STANDARD BOOK NUMBER
International Standard Book Number 9781482208634
050 ## - LIBRARY OF CONGRESS CALL NUMBER
Classification number T 385 Gpu
100 ## - MAIN ENTRY--PERSONAL NAME
Personal name Engel, Wolfgang
245 10 - TITLE STATEMENT
Title GPU pro5: advanced rendering techniques
Statement of responsibility, etc. Edited by Wolfgang Engel
260 ## - PUBLICATION, DISTRIBUTION, ETC.
Place of publication, distribution, etc. Boca Raton
Name of publisher, distributor, etc. CRC Press
Date of publication, distribution, etc. 2014
300 ## - PHYSICAL DESCRIPTION
Extent xvii, 503p.: ill.
350 ## - PRICE (NR) (BK AM CF MU VM SE) [OBSOLETE]
Price 89.95
650 ## - SUBJECT ADDED ENTRY--TOPICAL TERM
Topical term or geographic name entry element REAL-TIME DATA PROCESSING
650 #0 - SUBJECT ADDED ENTRY--TOPICAL TERM
Topical term or geographic name entry element RENDERING (COMPUTER GRAPHICS)
650 ## - SUBJECT ADDED ENTRY--TOPICAL TERM
Topical term or geographic name entry element GRAPHICS PROCESSING UNIT -- PROGRAMMING
995 ## - RECOMMENDATION 995 [LOCAL, UNIMARC FRANCE]
-- CBU-MAIN LIBRARY (Kitwe)
-- 89.95
-- 1
-- AVAILABLE
-- Apr 28, 2016
-- Main Library Open Access Collection
Holdings
Withdrawn status Lost status Source of classification or shelving scheme Damaged status Not for loan Home library Current library Shelving location Date acquired Total Checkouts Full call number Barcode Date last seen Price effective from Koha item type
          CBU-MAIN LIBRARY, KITWE. CBU-MAIN LIBRARY, KITWE.   11/30/2022   T 385 Gpu 746138 11/30/2022 11/30/2022 MONOGRAPH